| 000 | 00410nam a22001577a 4500 | ||
|---|---|---|---|
| 003 | OSt | ||
| 008 | 260120b |||||||| |||| 00| 0 eng d | ||
| 020 | _a9789388022866 | ||
| 082 | _a615.19 GUE | ||
| 100 | _aGupta, Pravin | ||
| 245 | _aExperimental Handbook of Physical Pharmaceutics | ||
| 260 |
_aN.Delhi _bI.P Innovative _c2023 |
||
| 300 | _avii,208 | ||
| 650 | _aPhysical pharmaceutics-1 | ||
| 942 |
_2ddc _cBK |
||
| 999 |
_c13791 _d13791 |
||